Responses for Show #2220 - Friday, April 8, 1994

Contestants

[<< previous game]

Doug Kincade, an electronic manuscript specialist from Lawrence Township, New Jersey

Al Thomas, a postal service technician from New York City, New York

Sandy Zusmann, a marketing manager from Atlanta, Georgia (whose 2-day cash winnings total $12,602)

[next game >>]

Jeopardy! Round responses

HISTORY
HERE COME THE BRIDES
FOOD & DRINK
MAMMALS
TRAVEL U.S.A.
ODDS & ENDS
    $100 2
Queen Elizabeth II

Doug
    $100 1
Julia Roberts

Al
    $100 12
Sprite

Sandy
    $100 11
the wolf

Doug
    $100 21
Pikes Peak

Al
    $100 23
I-N-G

Al
    $200 5
the Spanish-American War

Al
    $200 3
Pebbles (Flintstone)

Doug
    $200 13
peanut brittle

Doug
    $200 7
blood

Doug
    $200 22
Montana

Doug
    $200 25
Wales

Triple Stumper
    $300 6
the papacy

Doug
    $300 4
Queen Victoria

Al
    $300 14
cherries

Doug
    $300 8
the platypus

Doug
    $300 24
Alaska

Doug
    $300 26
(Al: Intensive Care Cardiac Unit. What is Intensive Care Cardiac Unit?)
(Alex: All right. You reversed two of them. [*], but we'll give it to you.)

intensive cardiac care unit

Al
    $400 19
(Sandy: What is Bavaria?)

Prussia

SandyAl
    $400 17
Ava Gardner

Sandy
    $400 15
prosciutto

Doug
    $1,000 9
otters

Doug
    $400 27
(Doug: What is Utah?)

New Mexico

SandyDoug
    $400 29
Nicaragua

Al
    $500 20
Richelieu

Sandy
    $500 18
Leah

Al
    $500 16
a zucchini

Sandy
    $500 10
(Sandy: What is the baboon?)

the howler monkey

SandyDoug
    $500 28
the Gateway Arch

Doug
    $500 30
the Minoan civilization

Doug

Scores at the first commercial break (after clue 15):

Sandy Al Doug
-$400 $600 $3,600

Scores at the end of the Jeopardy! Round:

Sandy Al Doug
$1,000 $2,400 $4,700

Double Jeopardy! Round responses

THE U.S. CAPITOL
BOOKS & AUTHORS
ISLANDS
IN THE DICTIONARY
BROADWAY MUSICALS
PAULS OF FAME
    $200 30
the dome

Sandy
    $200 23
Silence of the Lambs

Sandy
    $200 1
the Aleutians

Doug
    $200 18
(Doug: What is anno domini?)
(Al: What is common era?)

B.C.

SandyAlDoug
    $200 17
My Fair Lady

Sandy
    $200 6
Paul Bunyan

Doug
    $400 29
(Doug: During the War of [*].)

1812

AlDoug
    $400 16
Tipper Gore

Al
    $400 2
Tahiti

Doug
    $400 12
10%

Al
    $400 13
Phantom of the Opera

Doug
    $400 7
(Jean) Paul Getty

Sandy
    $600 28
the Supreme Court

Al
    $600 22
John Jakes

Doug
    $600 3
Madagascar

Doug
    $600 14
a bob

Doug
    $600 9
They're Playing Our Song

Al
    $600 8
football

Sandy
    $1,500 26
(Sandy: Who is Henry Clay?)

Daniel Webster

Sandy
    $800 24
The Great Gatsby

Doug
    $800 4
Guam

Sandy
    $800 15
a schwa

Sandy
    $800 10
Bloody Mary

Al
    $800 19
Paul Tsongas

Doug
    $1000 27
Pierre L'Enfant

Triple Stumper
    $1000 25
(Alex: And we have about a minute left.)

(Aldous) Huxley

Sandy
    $800 5
(Sandy: What is Tierra del Fuego?)

Easter Island

Sandy
    $1000 21
a nymph

Doug
    $1000 11
Adolph Green

Sandy
    $1000 20
(Paul) Ehrlich

Al

Scores at the end of the Double Jeopardy! Round:

Sandy Al Doug
$4,100 $6,400 $9,700

[wagering suggestions for these scores]

Final Jeopardy! Round responses

BUSINESS & INDUSTRY
(Alex: It began as Land-Wheelwright Laboratories, then went public as [*].)
SandyWhat is Polaroid
$4,000
AlWhat is Polaroid?
$6,300
DougWhat is Cool-Ray?
$3,301
Polaroid

Final scores:

Sandy Al Doug
$8,100 $12,700 $6,399
2nd place: Zeos portable computer & In-House Accountant software New champion: $12,700 3rd place: Sanyo stereo system + Wheel of Fortune & Jeopardy! games for the Super Nintendo & Sega Genesis

Game dynamics:

Coryat scores:

Sandy Al Doug
$6,400 $6,400 $9,100
15 R,
4 W
(including 2 DDs)
16 R,
1 W
25 R
(including 1 DD),
3 W

Combined Coryat: $21,900

[game clues] [game scores] [suggest correction]

Game tape date: 1994-01-10
The J! Archive is created by fans, for fans. Scraping, republication, monetization, and malicious use prohibited; this site may use cookies and collect identifying information. See terms. The Jeopardy! game show and all elements thereof, including but not limited to copyright and trademark thereto, are the property of Jeopardy Productions, Inc. and are protected under law. This website is not affiliated with, sponsored by, or operated by Jeopardy Productions, Inc. Join the discussion at JBoard.tv.